00942nam a2200253Ia 4500003000400000005001700004008004100021020001700062040001800079041000800097082002300105100002800128245008100156250001200237260006900249300003200318650003000350650003300380650004500413650003500458942002600493999001900519952015000538OSt20250619140304.0210716s2011 xx 000 0 und d a978125900382 cAIMIT LIBRARY aeng a005.7402 21bWEIP aWeinberg, Paul.9215552 aSql: bComplete reference /cBy Paul Weinberg, James Groff and Andrew Oppel. a3rd ed. aNew Delhi :bTata McGraw Hill Education Private Limited ,c2011. axxviii,882p.;bPBc24.5 cm. aQuick tour of sql9215553 aRelational databases9215554 aSubqueries and query expressions9215555 aTransaction processing9215556 2ddccBKk005.7402WEIP c193598d193598 001040708MCAaAIMITbAIMITeHigginbothams Pvt Ltdg625.00l1o005.7402 WEIPpMCA13106r2026-05-23 00:00:00s2022-03-08v468.75w2021-07-16yBK